|
|
|
|
| LEADER |
01631nam a22004094a 4500 |
| 001 |
EBC470132 |
| 003 |
MiAaPQ |
| 005 |
20200520144314.0 |
| 006 |
m o d | |
| 007 |
cr cn||||||||| |
| 008 |
081204s2009 enka sbf 001 0 eng |
| 010 |
|
|
|z 2008052866
|
| 015 |
|
|
|a GBA915405
|2 bnb
|
| 016 |
7 |
|
|z 101490888
|2 DNLM
|
| 016 |
7 |
|
|z 014903994
|2 Uk
|
| 020 |
|
|
|z 9781405162104 (pbk. : alk. paper)
|
| 020 |
|
|
|z 1405162104 (pbk. : alk. paper)
|
| 035 |
|
|
|a (MiAaPQ)EBC470132
|
| 035 |
|
|
|a (Au-PeEL)EBL470132
|
| 035 |
|
|
|a (CaPaEBR)ebr10351184
|
| 035 |
|
|
|a (CaONFJC)MIL238516
|
| 035 |
|
|
|a (OCoLC)554886302
|
| 040 |
|
|
|a MiAaPQ
|c MiAaPQ
|d MiAaPQ
|
| 050 |
|
4 |
|a QP435
|b .K44 2009
|
| 100 |
1 |
|
|a Kemp, Sarah E.
|
| 245 |
1 |
0 |
|a Sensory evaluation
|h [electronic resource] :
|b a practical handbook /
|c Sarah E. Kemp, Tracey Hollowood, Joanne Hort.
|
| 260 |
|
|
|a Chichester, U.K. :
|b Ames, Iowa :
|b Wiley-Blackwell,
|c 2009.
|
| 300 |
|
|
|a xi, 196 p. :
|b ill.
|
| 504 |
|
|
|a Includes bibliographical references (p. 185-188) and index.
|
| 505 |
0 |
|
|a Sensory perception -- Planning your sensory project -- Requirements for sensory testing -- Sensory test methods -- Completing the project.
|
| 533 |
|
|
|a Electronic reproduction. Ann Arbor, MI : ProQuest, 2015. Available via World Wide Web. Access may be limited to ProQuest affiliated libraries.
|
| 650 |
|
0 |
|a Sensory evaluation
|v Handbooks, manuals, etc.
|
| 655 |
|
4 |
|a Electronic books.
|
| 700 |
1 |
|
|a Hollowood, Tracey.
|
| 700 |
1 |
|
|a Hort, Joanne.
|
| 710 |
2 |
|
|a ProQuest (Firm)
|
| 856 |
4 |
0 |
|u https://ebookcentral.proquest.com/lib/matrademy/detail.action?docID=470132
|z Click to View
|